| 000 | 02587cam a22003975i 4500 | ||
|---|---|---|---|
| 001 | 18462077 | ||
| 005 | 20220326193332.0 | ||
| 008 | 141010s2014 pe 000 0 spa | ||
| 010 | _a 2014422990 | ||
| 020 | _a9786124092251 | ||
| 020 | _a6124092255 | ||
| 035 | _a(CVcHKB)hkb2001088468 | ||
| 040 |
_aDLC _beng _cDLC _erda |
||
| 042 | _apcc | ||
| 043 | _as-pe--- | ||
| 082 |
_a708 _bB412l |
||
| 100 | 1 |
_aBedoya, Luz María, _d1969- _eartist. _93223 |
|
| 245 | 1 | 0 |
_aLíneas, palabras, cosas : _bLuz María Bedoya : Galería Germán Krüger Espantoso, del 16 de abril al 1 de junio de 2014 / _c[curador : Miguel A. López]. |
| 250 | _a1a. edición. | ||
| 300 |
_a144 págs. : _bill. ; _c29 cm |
||
| 500 | _aCatalog of an exhibition held April 16 - June 1, 2014 at Galería Germán Krüger Espantoso, in Lima. | ||
| 504 | _aIncludes bibliographical references (page 141). | ||
| 505 | 8 | _aPresentaciones / Germán Krüger Espantoso, Fernando Torres Quirós -- La mínima habla = Minimal speech / Miguel A. López -- De un punto ciego a línea[s] [in] visibles = From a blind spot to [in] visible line [s] / Dorota Biczel -- Un haz de líneas que incide en lo contingente = A beam of light striking the continent / Jorge Villacorta -- Obras -- Selección de exposiciones. | |
| 520 | _aWithin the framework of the 2nd Biennial of Photography of Lima, photographer Luz Mara Bedoya (b. Talara, Peru 1969) presents an anthological exhibition of her last 20 years artwork, "a body of work that began in 1990, with proposals made in the photographic medium, and then expanded into assemblage, sculptural objects, installations, drawing (random, footage), video art (single-channel video projection, video installation and video performance), text (written, printed on page and qualified) and sound art (recording of audio, experiments by way of oral poetry, distorted recording); while never leaving photography completely aside." | ||
| 546 | _aIn Spanish and English. | ||
| 600 | 1 | 0 |
_aBedoya, Luz María, _d1969- _vExhibitions. _93224 |
| 650 | 0 |
_aArt, Peruvian _y21st century _vExhibitions. _93225 |
|
| 650 | 0 |
_aArte Peruano _ySiglo 21 _vExhibiciones _93226 |
|
| 650 | 0 |
_aInstalaciones (Arte) _ySiglo 21 _93227 |
|
| 650 | 0 |
_aInstallations (Art) _y21st century _vExhibitions. _93228 |
|
| 700 | 1 |
_aLópez, Miguel A., _d1983- _ecurador _93229 |
|
| 710 | 2 |
_aGalería Germán Krüger Espantoso, _ehostinstitution. _93230 |
|
| 711 | 2 |
_aBienal de Fotografía de Lima _n(2nd : _d2014 : _cLima, Peru) _93231 |
|
| 906 |
_a0 _bibc _corigres _d3 _encip _f20 _gy-gencatlg |
||
| 999 |
_c711 _d711 |
||